000 00489nam a22001697a 4500
003 OSt
005 20140311134813.0
008 130607t xxu||||| |||| 00| 0 eng d
020 _a0534002781
050 _aPE 1408
_b.G984 1973
082 _aM 808.042
_bG98 1973
245 _aSay it now :
_bactivities for college writing /
_cGuth, Hans P.
260 _aCalifornia :
_bWadsworth Publishing Company Inc,
_c1973
300 _a206 p. :
_c28 cm.
942 _2lcc
_cBK
_kM
999 _c35855
_d35855